A Brief Explanatory Dictionary of the Russian Language (Record no. 1851298)

MARC details
000 -LEADER
fixed length control field 00721nam a22002177a 4500
003 - CONTROL NUMBER IDENTIFIER
control field OSt
005 - DATE AND TIME OF LATEST TRANSACTION
control field 20260512154720.0
008 - FIXED-LENGTH DATA ELEMENTS--GENERAL INFORMATION
fixed length control field 260512b |||||||| |||| 00| 0 eng d
040 ## - CATALOGING SOURCE
Original cataloging agency SFUL
Language of cataloging ENG
Transcribing agency SFUL
041 ## - LANGUAGE CODE
Language code of text/sound track or separate title RUS
100 ## - MAIN ENTRY--PERSONAL NAME
Personal name Gorodetskaya, I. L.
9 (RLIN) 1239194
245 ## - TITLE STATEMENT
Title A Brief Explanatory Dictionary of the Russian Language
Statement of responsibility, etc. I. L. Gorodetskaya, T. N. Popovtseva, M. N. Sudoplatova, T. A. Fomenko
250 ## - EDITION STATEMENT
Edition statement 4th ed.
Remainder of edition statement stereotype
260 ## - PUBLICATION, DISTRIBUTION, ETC.
Place of publication, distribution, etc. Moscow
Name of publisher, distributor, etc. Russian language
Date of publication, distribution, etc. 1985
300 ## - PHYSICAL DESCRIPTION
Extent 245 p.
Other physical details ill
700 ## - ADDED ENTRY--PERSONAL NAME
Personal name Popovtseva, T. N.
9 (RLIN) 1239195
700 ## - ADDED ENTRY--PERSONAL NAME
Personal name Sudoplatova, M. N.
9 (RLIN) 1239196
700 ## - ADDED ENTRY--PERSONAL NAME
Personal name Fomenko, T. A.
9 (RLIN) 1239197
942 ## - ADDED ENTRY ELEMENTS (KOHA)
Source of classification or shelving scheme Colon Classification (CC)
Koha item type Textbook
Classification part P142:4k N5;2
Suppress in OPAC No
Holdings
Withdrawn status Lost status Source of classification or shelving scheme Damaged status Not for loan Home library Current library Date acquired Total Checkouts Full call number Barcode Date last seen Copy number Price effective from Koha item type
    Colon Classification (CC)     Slavonic and Finno-Ugrarian Studies Library Slavonic and Finno-Ugrarian Studies Library 2026-05-12   P142:4k N5;2 SFR014232 2026-05-12 2 2026-05-12 Textbook
    Colon Classification (CC)     Slavonic and Finno-Ugrarian Studies Library Slavonic and Finno-Ugrarian Studies Library 2026-05-12   P142:4k N5;1 SFR013242 2026-05-12 1 2026-05-12 Textbook
    Colon Classification (CC)     Slavonic and Finno-Ugrarian Studies Library Slavonic and Finno-Ugrarian Studies Library 2026-05-12   P142:4k N5;3 SFR014243 2026-05-12 3 2026-05-12 Textbook
    Colon Classification (CC)     Slavonic and Finno-Ugrarian Studies Library Slavonic and Finno-Ugrarian Studies Library 2026-05-12   P142:4k N5;4 SFR014244 2026-05-12 4 2026-05-12 Textbook
    Colon Classification (CC)     Slavonic and Finno-Ugrarian Studies Library Slavonic and Finno-Ugrarian Studies Library 2026-05-12   P142:4k N5 SFR013195 2026-05-12   2026-05-12 Textbook
    Colon Classification (CC)     Slavonic and Finno-Ugrarian Studies Library Slavonic and Finno-Ugrarian Studies Library 2026-05-12   P142:4k N5;5 SFR014245 2026-05-12 5 2026-05-12 Textbook
Copyright @ Delhi University Library System